Central Library OPAC University of Rajshahi

Learning : (Record no. 30205)

MARC details
000 -LEADER
fixed length control field 00892nam a2200301 4500
001 - CONTROL NUMBER
control field 30205
003 - CONTROL NUMBER IDENTIFIER
rucl marc code BD-RjUL
005 - DATE AND TIME OF LATEST TRANSACTION
control field 20211209051529.0
008 - FIXED-LENGTH DATA ELEMENTS--GENERAL INFORMATION
fixed length control field 140409r19751971enk b 001 0 eng
020 ## - INTERNATIONAL STANDARD BOOK NUMBER
International Standard Book Number 0810204266
International Standard Book Number 0416700500
035 ## - SYSTEM CONTROL NUMBER
System control number (BD-RjUL)30290
040 ## - CATALOGING SOURCE
Original cataloging agency DLC
Transcribing agency DLC
Modifying agency DLC
-- BD-RjUL
Language of cataloging eng
041 ## - LANGUAGE CODE
Language code of text/sound track or separate title eng
082 00 - DEWEY DECIMAL CLASSIFICATION NUMBER
Classification number 153.15
Author mark and year HIL 1975
100 1# - MAIN ENTRY--PERSONAL NAME
Personal name Hill, Winfred F.
9 (RLIN) 91823
245 10 - TITLE STATEMENT
Title Learning :
Remainder of title a survey of psychological interpretations /
Statement of responsibility, etc. [by] Winfred F. Hill.
250 ## - EDITION STATEMENT
Edition statement Rev. ed.
260 ## - PUBLICATION, DISTRIBUTION, ETC. (IMPRINT)
Place of publication, distribution, etc. London :
Name of publisher, distributor, etc. Methuen,
Date of publication, distribution, etc. c1971 [Reprinted 1967, 975].
300 ## - PHYSICAL DESCRIPTION
Pagination xii, 249 p. ;
Size 21 cm.
350 ## - PRICE (NR) (BK AM CF MU VM SE) [OBSOLETE]
Price $2.95
490 0# - SERIES STATEMENT
Series statement Chandler publications in educational psychology
504 ## - BIBLIOGRAPHY, ETC. NOTE
Bibliography, etc Bibliography: p. 233-238 and index.
650 #0 - SUBJECT ADDED ENTRY--TOPICAL TERM
Topical term or geographic name as entry element Learning, Psychology of.
9 (RLIN) 91824
942 ## - ADDED ENTRY ELEMENTS (KOHA)
Source of classification or shelving scheme Dewey Decimal Classification
Koha item type Books
Holdings
Lost status Source of classification or shelving scheme Damaged status Not for loan Collection code Permanent Location Current Location Shelving location Date acquired Source of acquisition Cost, normal purchase price Total Checkouts Full call number Date last seen Copy number Koha item type
  Dewey Decimal Classification   Not For Loan Non-fiction Central Library, University of Rajshahi Central Library, University of Rajshahi Reading Room 16/05/1977 W. Heffer and Sons 12.25   153.15 HIL 1975 09/04/2014 C-1 Books
  Dewey Decimal Classification     Non-fiction Central Library, University of Rajshahi Central Library, University of Rajshahi   16/05/1977 W. Heffer and Sons 12.25   153.15 HIL 1975 09/04/2014 C-2 Books
  Dewey Decimal Classification     Non-fiction Central Library, University of Rajshahi Central Library, University of Rajshahi   16/05/1977 W. Heffer and Sons 12.25   153.15 HIL 1967 09/04/2014 C-3 Books